000
00310nam a22001337a 4500
008
170508b xxu||||| |||| 00| 0 eng d
020
_a
9781422499405
041
_a
eng
080
_2
2ND
_a
342
100
_a
15
101
_a
SHJ
245
_a
FOUNDATIONS OF ADMINISTRATIVE LAW
_c
SCHUCK, P.H
942
_2
udc
_c
BK
999
_c
13004
_d
13004